|
|
|
|
| LEADER |
00000cam a2200000 7i4500 |
| 001 |
0000035741 |
| 005 |
20231106151848.0 |
| 022 |
0 |
|
|a 012865792
|
| 090 |
0 |
0 |
|a 500
|b DEW
|
| 245 |
0 |
0 |
|a Dewan Kosmik
|
| 255 |
|
|
|a Januari 1993-
|
| 260 |
|
|
|a Kuala Lumpur :
|b Dewan Bahasa Dan Pustaka ,
|c 1993
|
| 300 |
|
|
|a 57p. :
|b Illust. ;
|c 28cm.
|
| 505 |
0 |
0 |
|a Bound volume
|
| 650 |
0 |
0 |
|a Science and technology
|x Periodicals
|
| 650 |
0 |
0 |
|a Science
|x Periodicals
|
| 850 |
|
|
|a HQ : BV;August-December1994,January-December 2002, January-December 2003, January-December 2004, January-December 2005, January-December 2006. January-December 2007. January-December 2008. Januari-Disember 2018. Januari-Disember 2019. Januari - Disember 2022.
|
| 999 |
|
|
|a 00172895
|b MAJALAH
|c MAJALAH RUJUKAN
|e PERPUSTAKAAN KOMUNITI PETALING JAYA
|
| 999 |
|
|
|a 041731/94
|b BUKU
|c MAJALAH RUJUKAN
|e PERPUSTAKAAN KOMUNITI PETALING JAYA
|
| 999 |
|
|
|a 059751/95
|b BUKU
|c MAJALAH RUJUKAN
|e PERPUSTAKAAN KOMUNITI PETALING JAYA
|
| 999 |
|
|
|a 154705/02
|b MAJALAH
|c MAJALAH RUJUKAN
|e PERPUSTAKAAN KOMUNITI PETALING JAYA
|
| 999 |
|
|
|a 180155/04
|b MAJALAH
|c MAJALAH RUJUKAN
|e PERPUSTAKAAN KOMUNITI PETALING JAYA
|
| 999 |
|
|
|a 183384/04
|b MAJALAH
|c MAJALAH RUJUKAN
|e PERPUSTAKAAN KOMUNITI PETALING JAYA
|
| 999 |
|
|
|a 194370/05
|b MAJALAH
|c MAJALAH RUJUKAN
|e PERPUSTAKAAN KOMUNITI PETALING JAYA
|
| 999 |
|
|
|a 206599/06
|b MAJALAH
|c MAJALAH RUJUKAN
|e PERPUSTAKAAN KOMUNITI PETALING JAYA
|
| 999 |
|
|
|a 216935/07
|b MAJALAH
|c MAJALAH RUJUKAN
|e PERPUSTAKAAN KOMUNITI PETALING JAYA
|
| 999 |
|
|
|a 224654/08
|b MAJALAH
|c MAJALAH RUJUKAN
|e PERPUSTAKAAN KOMUNITI PETALING JAYA
|
| 999 |
|
|
|a 335098/18
|b MAJALAH
|c MAJALAH RUJUKAN
|e PERPUSTAKAAN KOMUNITI CAW KOTA DAMANSARA
|
| 999 |
|
|
|a 335246/19
|b MAJALAH
|c MAJALAH RUJUKAN
|e PERPUSTAKAAN KOMUNITI CAW TAMAN MEDAN
|
| 999 |
|
|
|a 335261/19
|b MAJALAH
|c MAJALAH RUJUKAN
|e PERPUSTAKAAN KOMUNITI PETALING JAYA
|
| 999 |
|
|
|a 335343/22
|b MAJALAH
|c MAJALAH RUJUKAN
|e PERPUSTAKAAN KOMUNITI PETALING JAYA
|